000 01296cam a22003254a 4500
001 13621100
003 OSt
005 20180116192425.0
008 040610s2004 caua b 001 0 eng
010 _a 2004108686
020 _a0892367784 (hardcover)
040 _aDLC
_cDLC
_dDLC
041 1 _aeng
_hfre
042 _apcc
043 _ae-fr---
050 0 0 _aNC497
_b.L4313 2004
082 0 0 _a741.094409033
_222
100 1 _aLeben, Ulrich.
_97974
240 1 0 _aEcole royale gratuite de dessin de Paris, 1767-1815.
_lEnglish
245 1 0 _aObject design in the Age of Enlightenment :
_bthe history of the Royal Free Drawing School in Paris /
_cUlrich Leben.
260 _aLos Angeles :
_bJ. Paul Getty Museum,
_c2004.
300 _a175 p. :
_bill. (some col.) ;
_c29 cm.
504 _aIncludes bibliographical references (p. 163-171) and index.
610 2 0 _aEcole royale gratuite de dessin (Paris, France)
_xHistory.
_97975
650 0 _aDrawing
_xStudy and teaching
_zFrance
_xHistory
_y18th century.
_97976
650 0 _aDrawing
_xStudy and teaching
_zFrance
_xHistory
_y19th century.
_97977
906 _a7
_bcbc
_corignew
_d2
_eepcn
_f20
_gy-gencatlg
942 _2ddc
_cBK
999 _c354053
_d354053